000 00710nam a2200265 i 4500
001 C2-0085951
003 PPAK
005 20180727090744.0
008 970430s1986 xxka|||| ||||| | eng d
020 _a0947655166
040 _aPPAK
_beng
_cPPAK
_erda
082 0 4 _a796.343
_223
090 0 0 _a796.343
_bROB
_dG
090 0 0 _a796.343
_bROB
_dR
100 1 _aRobinson, Ian,
_eauthor
245 1 0 _aSquash-beyond the basics
264 1 _aHuddersfield :
_bSpringfield ,
_c1986
300 _a160 pages :
_billustrations ;
_c24 cm
336 _2rdacontent
_atext
337 _2rdamedia
_aunmediated
338 _2rdacarrier
_avolume
650 1 0 _aSquash rackets (Game)
700 _eauthor
942 _ddc
_cB
999 _c17400
_d17400